|
|
|
|
| LEADER |
00000nam a2200000 a 4500 |
| 001 |
vtls001451034 |
| 003 |
SK-MaSNL |
| 005 |
20260425233538.0 |
| 008 |
130607sm y0 xo 0 slo |
| 015 |
|
|
|a SNBC2003/02-01224
|
| 020 |
|
|
|a 8080423407
|
| 035 |
|
|
|a SNK000406329
|
| 040 |
|
|
|a SNK
|b slo
|c SNK
|e AACR2
|
| 044 |
|
|
|a xo
|c SK
|
| 072 |
|
7 |
|a 913(4)
|x Geografia Európy, reálie, cestovanie
|2 konspekt
|
| 080 |
|
|
|a 91(437)
|2 1981
|
| 080 |
|
|
|a (084.3)
|2 1981
|
| 080 |
|
|
|a 656.1(437.6)(084.3)
|2 2. slo
|
| 245 |
1 |
|
|a Slovenská republika
|h kartografický dokument
|b automapa
|c spracoval Vojenský kartografický ústav, Harmanec
|
| 250 |
|
|
|a 3. vyd.
|
| 255 |
|
|
|a Mierka 1:1 000 000
|
| 260 |
|
|
|a Harmanec
|b VKÚ
|c 2002
|
| 300 |
|
|
|a 1 mapa
|b fareb.
|c 44x78 cm
|
| 500 |
|
|
|a Čiast. text angl., poľ., maď.
|
| 651 |
|
7 |
|a Slovensko
|2 SNK
|9 14231
|
| 651 |
|
7 |
|a Slovenská republika
|x automapy
|2 SNK
|9 497025
|
| 655 |
|
7 |
|a CMP
|2 SNK
|9 290838
|
| 655 |
|
7 |
|a automapy
|2 SNK
|9 70659
|
| 919 |
|
|
|a 80-8042-340-7
|
| 923 |
|
|
|a automapa
|b skladaná
|c pre verejnosť
|
| 999 |
|
|
|c 768976
|d 770906
|
| 952 |
|
|
|t P60, <03>, [BOOK], {603}
|a SNK
|b SNK
|y PREZ
|7 0
|p 17A0378540
|o snkSLCm 2271
|i snkKSP 4728/2003
|0 0
|1 0
|4 0
|d 2003-03-14
|l 0
|r 2005-01-02 00:00:00
|w 2026-02-24
|
| 952 |
|
|
|t P60, <04>, [BOOK], {604}
|a SNK
|b SNK
|y VYP
|7 0
|p 17A0378541
|o snkSLCm 2271 D1
|i snkKSP 4729/2003
|0 0
|1 0
|4 0
|d 2003-03-14
|l 0
|r 2005-01-02 00:00:00
|w 2026-02-24
|